[Event "It"]
[Site "masterchessopen.com Baku (Azerbaijan)"]
[Round "0"]
[White "King Daniel J (ENG)"]
[Black "Sideif-Sade Fikret I (AZE)"]
[Result "1-0"]
[WhiteElo "2460"]
[BlackElo "2360"]

1.d4 Nf6 2.c4 g6 3.g3 c6 4.Bg2 d5 5.cxd5 cxd5 6.Nc3 Bg7 7.Nf3 O-O 8.Ne5 e6
9.Bg5 Qb6 10.Qd2 Nfd7 11.Na4 Qb5 12.Nxd7 Nxd7 13.Nc3 Qb4 14.Rd1 Nb6 15.b3 Bd7
16.Nb1 a5 17.O-O Rfc8 18.Rfe1 Qxd2 19.Rxd2 f6 20.Bf4 Bf8 21.Rb2 Bb4 22.Bd2 Rc7
23.f3 Rac8 24.Bxb4 axb4 25.Nd2 Rc2 26.Reb1 R8c3 27.Kf2 Nc8 28.Nf1 Nd6 29.Ne3
Rxb2 30.Rxb2 Nb5 31.Nc2 Kf7 32.e3 Na3 33.Nxb4 Bb5 34.h4 h5 35.e4 dxe4 36.fxe4
Ke7 37.Rd2 Kd6 38.Bf3 Rc1 39.Be2 Nb1 40.Rd1 Rxd1 41.Bxd1 Nc3 42.Bf3 e5 43.Ke3
Bf1 44.a4 Nb1 45.dxe5+ fxe5 46.Nd5 Ba6 47.Be2 b5 48.Bxb5 {#r} 1-0

[Event "It"]
[Site "masterchessopen.com Krasnodar (Russia)"]
[Round "0"]
[White "Obukhov Alexander (RUS)"]
[Black "Amidzic Ognjen (BIH)"]
[Result "1-0"]
[WhiteElo "2372"]
[BlackElo "2072"]

1.d4 Nf6 2.c4 g6 3.g3 c6 4.Bg2 d5 5.cxd5 cxd5 6.Nc3 Bg7 7.Nf3 O-O 8.Ne5 e6
9.Bg5 h6 10.Bf4 Nfd7 11.Nf3 Nc6 12.Qd2 Kh7 13.h4 Nb6 14.b3 a5 15.Nb5 Qd7 16.a4
f6 17.Bh3 Qf7 18.Bd6 e5 19.Bxf8 Bxf8 20.Kf1 Bb4 21.Qb2 e4 22.Bxc8 Nxc8 23.Ne1
f5 24.Ng2 Nd6 25.Na3 Ne8 26.Nf4 Rd8 27.Kg2 Kg7 28.Nc2 Bd6 29.Kf1 Bb8 30.b4 Nd6
31.b5 Nc4 32.Qc3 Ne7 33.Ne3 Rc8 34.Nxc4 Rxc4 35.Qxa5 Rxd4 36.Qb6 Be5 37.Ne6+
{#r} 1-0

[Event "It"]
[Site "masterchessopen.com New Castle on Tyne (England)"]
[Round "2"]
[White "Bell Stephen (ENG)"]
[Black "Ledger Andrew (ENG)"]
[Result "0-1"]
[WhiteElo "2350"]
[BlackElo "2410"]

1.d4 Nf6 2.c4 g6 3.g3 c6 4.Bg2 d5 5.cxd5 cxd5 6.Nf3 Bg7 7.Nc3 O-O 8.Ne5 e6
9.Bg5 Qb6 10.Qd2 Nfd7 11.Nf3 Nc6 12.Rd1 Nf6 13.Bxf6 Bxf6 14.h4 h5 15.O-O Bd7
16.e3 Na5 17.Ne5 Bxe5 18.dxe5 Nc4 19.Qd4 Qxd4 20.exd4 Rfc8 21.b3 Na3 22.Rc1
Rc6 23.Ne2 Rac8 24.Rxc6 Rxc6 25.Rc1 Rxc1+ 26.Nxc1 Nc2 27.f4 Bb5 28.Kf2 f6
29.exf6 Nxd4 30.Bf3 Kf7 31.Bd1 a5 32.a3 Kxf6 33.Na2 e5 34.Nc3 Bc6 35.fxe5+
Kxe5 36.b4 axb4 37.axb4 Bd7 38.Be2 Nxe2 39.Nxe2 Ke4 40.Nf4 Bf5 41.Ke2 Kd4 {#R}
0-1

[Event "It"]
[Site "masterchessopen.com Mercenarios (Mexico)"]
[Round "0"]
[White "Almeida Saenz Alfonso (MEX)"]
[Black "Ruiz Gonzalez Guillermo (MEX)"]
[Result "1-0"]
[WhiteElo "2440"]
[BlackElo "2320"]

1.c4 c6 2.g3 d5 3.Bg2 Nf6 4.d4 g6 5.Qb3 Bg7 6.Nc3 O-O 7.cxd5 cxd5 8.Nxd5 Nxd5
9.Bxd5 Nc6 10.Bxc6 bxc6 11.Nf3 Bh3 12.Rg1 Bf5 13.Bf4 c5 14.dxc5 Qa5+ 15.Bd2
Qxc5 16.Rc1 Qd6 17.Bb4 Qa6 18.Qa3 Qb7 19.Bc3 Rfc8 20.Rd1 Bc2 21.Rc1 Be4 22.Nd2
Bd5 23.g4 Qc7 24.Rg3 Be5 25.Rd3 Be6 26.h3 Qb7 27.Nf3 Bf6 28.Rcd1 Bc4 29.Re3
Bg5 30.Nxg5 Qh1+ 31.Kd2 Qd5+ 32.Kc1 Qxg5 33.Qxe7 Qxe7 34.Rxe7 Bxa2 35.Rd4 a6
36.Red7 Bc4 37.Kd2 Bb5 38.R7d6 Re8 39.e3 Bf1 40.h4 Rac8 41.h5 Rc4 42.hxg6 hxg6
43.g5 Rxd4+ 44.Rxd4 Kf8 45.Bb4+ Kg8 46.Rh4 Re6 47.Bc3 Kf8 48.Bf6 Ke8 49.Rd4
Kf8 50.b3 Bb5 51.Rh4 Ke8 52.Rh7 Rd6+ 53.Kc3 Bc6 54.Rh8+ Kd7 55.Rd8+ Ke6 56.Rb8
Bb5 57.e4 Rd3+ 58.Kb4 Rd2 59.f3 Rd3 60.Kc5 Rd6 61.Rb7 Bd7 62.Ra7 Rc6+ 63.Kd4
Rd6+ 64.Ke3 Rb6 65.b4 Kd6 66.f4 Kc6 67.Be7 Be6 68.Bc5 Rb8 69.Rxa6+ Kb5 70.Rd6
Rh8 71.Kd4 Rh1 72.Rb6+ Ka4 73.Ke5 Re1 74.Rxe6 fxe6 75.Bd6 Kb5 76.Kxe6 Rxe4+
77.Kf6 Kc6 78.Be5 Rxb4 79.Kxg6 Kd5 80.Kf5 Rb8 81.Bxb8 {#r} 1-0

[Event "It"]
[Site "masterchessopen.com Naxos (Greece)"]
[Round "3"]
[White "Djuric Stefan (SRB)"]
[Black "Sarno Spartaco (ITA)"]
[Result "1-0"]
[WhiteElo "2512"]
[BlackElo "2407"]

1.d4 Nf6 2.c4 g6 3.g3 c6 4.Bg2 d5 5.Qa4 Bg7 6.cxd5 Nxd5 7.Nf3 O-O 8.O-O Nd7
9.Nc3 N5b6 10.Qc2 e5 11.Bg5 f6 12.Be3 f5 13.Qb3+ Kh8 14.dxe5 Nxe5 15.Bc5 Re8
16.Rfd1 Qf6 17.Nxe5 Qxe5 18.Bxb6 Be6 19.Qb4 axb6 20.Qxb6 Qb8 21.Rd2 Qa7
22.Qxa7 Rxa7 23.a3 Bxc3 24.bxc3 Rea8 25.Rd6 Bg8 26.Rb1 Rxa3 27.Rxb7 Rxc3 28.h4
Rc1+ 29.Kh2 Rc2 30.Re7 Rc8 31.h5 gxh5 32.Rf6 c5 33.Bh3 Rd8 34.Bxf5 Rcd2
35.Bxh7 R2d6 36.Rxd6 Rxd6 37.Bxg8 Kxg8 38.Rc7 Rd2 39.Rxc5 Rxe2 40.Kg2 h4
41.gxh4 {#r} 1-0

[Event "It (b)"]
[Site "masterchessopen.com Spain"]
[Round "2"]
[White "Gaprindashvili Valeriane (GEO)"]
[Black "Rodriguez Boado Martin (ESP)"]
[Result "1-0"]
[WhiteElo "2390"]
[BlackElo "2167"]

1.d4 Nf6 2.c4 g6 3.g3 c6 4.Bg2 d5 5.cxd5 cxd5 6.Nf3 Bg7 7.Ne5 e6 8.Nc3 Nfd7
9.f4 f5 10.e3 Nc6 11.O-O O-O 12.b3 Qa5 13.Bd2 Ndxe5 14.dxe5 Rd8 15.Nxd5 Rxd5
16.Bxa5 Rxd1 17.Rfxd1 Nxa5 18.Rac1 Bf8 19.Rc7 Nc6 20.Bxc6 bxc6 21.Rd8 Bb7
22.Rxa8 {#r} 1-0

[Event "It (blitz) (qual)"]
[Site "masterchessopen.com Internet"]
[Date "2004.06.04"]
[Round "3"]
[White "Tregubov Pavel V (RUS)"]
[Black "Glek Igor V (GER)"]
[Result "1-0"]
[WhiteElo "2629"]
[BlackElo "2580"]

1.d4 Nf6 2.c4 g6 3.g3 c6 4.Bg2 d5 5.Nf3 Bg7 6.O-O dxc4 7.Nbd2 b5 8.Qc2 O-O
9.b3 cxb3 10.axb3 Bb7 11.Bb2 Nbd7 12.e4 a5 13.Rfd1 Qb6 14.Nf1 Rfc8 15.Ne3 e6
16.h4 c5 17.d5 exd5 18.exd5 Qd6 19.Ng5 Re8 20.Qd2 h6 21.Nh3 Ne4 22.Bxe4 Rxe4
23.Bxg7 Kxg7 24.Nf4 Ne5 25.Kg2 a4 26.bxa4 Rexa4 27.Rxa4 Rxa4 28.h5 Nc4 29.Nxc4
Rxc4 30.Qb2+ Qf6 31.Qxb5 Rxf4 32.gxf4 Qxf4 33.Qe2 Qg5+ 34.Kf1 Bxd5 35.f3 Qxh5
36.Kf2 Qh4+ 37.Ke3 Be6 38.Qb2+ Kh7 39.Qe5 Qc4 40.Rd8 Qc1+ 41.Kf2 Qc2+ 42.Kg3
{#r} 1-0

[Event "It (cat.1)"]
[Site "masterchessopen.com Satka (Russia)"]
[Date "2012.08.22"]
[Round "6"]
[White "Nasybullina Alfia (RUS)"]
[Black "Khusnutdinov Rustam (KAZ)"]
[Result "0-1"]
[WhiteElo "2028"]
[BlackElo "2503"]

1.d4 Nf6 2.c4 g6 3.g3 c6 4.Bg2 d5 5.Nc3 dxc4 6.e3 Nbd7 7.Qe2 Nb6 8.Nf3 Bg7
9.Ne5 Be6 10.O-O O-O 11.f4 Ne8 12.Bd2 Nd6 13.Rad1 f6 14.Nf3 f5 15.Ng5 Qd7
16.Bc1 Nd5 17.Rfe1 Nf6 18.Nxe6 Qxe6 19.d5 cxd5 20.Nxd5 Rac8 21.Nxf6+ Qxf6
22.e4 fxe4 23.Bxe4 Nxe4 24.Qxe4 Rc7 25.Qd5+ Kh8 26.Re6 Qf5 27.Qxf5 Rxf5
28.Rd8+ Rf8 29.Rd5 Kg8 30.Re2 Rf5 31.Rd8+ Kf7 32.Be3 Ra5 33.a3 c3 34.bxc3 Bxc3
35.Ra8 b6 36.Kf2 Rd7 37.Rc8 Rxa3 38.Bc1 Bb4 39.Bxa3 Bxa3 40.Rc3 Bc5+ 41.Kf3 a5
42.Ra2 Ke6 43.Ke2 Ra7 44.Kd3 Kd5 45.Rd2 a4 46.Kc2+ Ke4 47.Re2+ Kf5 48.h3 Bd6
49.Rd3 Ra5 50.Kb1 Rc5 51.Rc2 Ke4 52.Rxc5 Bxc5 53.Rc3 Kd4 54.Rf3 b5 55.f5 b4
56.fxg6 hxg6 57.Rf4+ Kc3 58.h4 e5 59.Rf3+ Kd2 60.g4 e4 61.Rf7 e3 62.Rd7+ Kc3
63.Rc7 Kc4 64.h5 e2 {#R} 0-1

[Event "It (cat.10)"]
[Site "masterchessopen.com Budapest (Hungary)"]
[Date "2010.04.12"]
[Round "9"]
[White "Bindrich Falko (GER)"]
[Black "Kislik Erik Andrew (USA)"]
[Result "1-0"]
[WhiteElo "2507"]
[BlackElo "2357"]

1.d4 Nf6 2.c4 g6 3.g3 c6 4.Bg2 d5 5.Nf3 Bg7 6.b3 dxc4 7.bxc4 c5 8.Bb2 cxd4
9.O-O O-O 10.Nxd4 Qb6 11.Qb3 Rd8 12.e3 Na6 13.Nc3 Nc5 14.Qa3 e5 15.Nb3 Bf8
16.Na4 Nxa4 17.Qxa4 Re8 18.Rac1 Bd7 19.Qa5 Bb4 20.Qxb6 axb6 21.Ra1 Bc6 22.Rfd1
Bxg2 23.Kxg2 Rac8 24.a3 Bf8 25.Nd2 Re6 26.Nf3 Rxc4 27.Bxe5 Rc2 28.Nd4 Rxf2+
29.Kxf2 Rxe5 30.Kf3 h5 31.h3 Bc5 32.Rd3 Ne4 33.Nc2 Nd6 34.Nd4 Nc4 35.a4 Kf8
36.Nc2 Nd6 37.Nd4 Nc4 38.Rb1 Ke8 39.Nb3 Rf5+ 40.Ke2 Be7 41.Rd4 Nd6 42.Nd2 b5
43.Ne4 {#r} 1-0

[Event "It (open)"]
[Site "masterchessopen.com Muenster (Germany)"]
[Round "6"]
[White "Krallmann Matthias (GER)"]
[Black "Gutman Lev (GER)"]
[Result "0-1"]
[WhiteElo "2252"]
[BlackElo "2535"]

1.d4 Nf6 2.c4 g6 3.g3 c6 4.Bg2 d5 5.cxd5 Nxd5 6.Nf3 Bg7 7.O-O O-O 8.e4 Nc7
9.Be3 Bg4 10.Nc3 Qd6 11.Qd2 Rd8 12.Rfd1 Qb4 13.h3 Bxf3 14.Bxf3 c5 15.Nd5 Nxd5
16.exd5 Qxd2 17.Rxd2 cxd4 18.Bxd4 Bxd4 19.Rxd4 Rd6 20.Rc1 Nd7 21.Rc7 b6 22.Kf1
a5 23.b3 Kf8 24.Ke2 Rd8 25.Ke3 Nc5 26.Rc6 e5 27.Rd2 Ke7 28.Rxd6 Kxd6 29.Be2
Rc8 30.Bc4 Nd7 31.f4 exf4+ 32.Kxf4 Nf6 33.Re2 h6 34.g4 a4 35.g5 Nh5+ 36.Kg4
hxg5 37.Kxg5 Rc5 38.Rd2 b5 39.Be2 axb3 40.axb3 Ng3 41.Bf3 Rc3 42.Kf4 Nf1
43.Rb2 g5+ 44.Kg4 {#R} 0-1

[Event "It (open)"]
[Site "masterchessopen.com Katerini (Greece)"]
[Round "0"]
[White "Yrjola Jouni (FIN)"]
[Black "Tsevremes Ioannis (GRE)"]
[Result "1-0"]
[WhiteElo "2460"]
[BlackElo "1955"]

1.d4 Nf6 2.c4 g6 3.g3 c6 4.Bg2 d5 5.cxd5 cxd5 6.Nc3 Bg7 7.Nf3 O-O 8.Ne5 e6
9.Bg5 Qb6 10.Qd2 Nfd7 11.Be3 Nc6 12.Nxc6 bxc6 13.O-O Qb4 14.Nxd5 Qxd2 15.Ne7+
Kh8 16.Bxd2 Bxd4 17.Bxc6 Ba6 18.Bxd7 Rad8 19.Nc6 {#r} 1-0

[Event "It (open)"]
[Site "masterchessopen.com Massy (France)"]
[Round "4"]
[White "Zigura Oleg (UKR)"]
[Black "Diaz Cordoba Fredy (COL)"]
[Result "1-0"]
[WhiteElo "2335"]
[BlackElo "2225"]

1.d4 d5 2.g3 Nf6 3.Bg2 c6 4.c4 g6 5.Nc3 Bg7 6.cxd5 Nxd5 7.e4 Nxc3 8.bxc3 Qa5
9.Ne2 O-O 10.O-O e5 11.dxe5 Bxe5 12.Qb3 Qa6 13.Nd4 c5 14.Qd5 Nd7 15.Bh6 cxd4
16.Bxf8 Kxf8 17.cxd4 Bc7 18.e5 Qe6 19.Qb5 Nb6 20.Rac1 Bd8 21.Qa5 Qe7 22.Qd2
Bf5 23.Rfe1 Rc8 24.d5 Rxc1 25.Qxc1 Qg5 26.Qxg5 Bxg5 27.d6 Nd7 {#r} 1-0

[Event "It (open)"]
[Site "masterchessopen.com Bratislava (Slovakia)"]
[Round "0"]
[White "Hebelka Miloslav (SVK)"]
[Black "Castiglione Mario (SVK)"]
[Result "1-0"]
[WhiteElo "2145"]
[BlackElo "2282"]

1.d4 Nf6 2.c4 g6 3.g3 d5 4.Bg2 c6 5.Nc3 Bg7 6.Nf3 dxc4 7.a4 O-O 8.O-O Na6
9.Ne5 Be6 10.e4 Nd7 11.Nf3 Nc7 12.Ng5 h6 13.Nxe6 Nxe6 14.Be3 c5 15.d5 Nd4
16.a5 Nb3 17.Ra2 Nxa5 18.f4 Bd4 19.Bxd4 cxd4 20.Qxd4 Qb6 21.Qf2 Qxf2+ 22.Kxf2
Nb3 23.Rd1 a6 24.e5 Ndc5 25.Be4 Nxe4+ 26.Nxe4 Rfd8 27.d6 exd6 28.Rxd6 Nc1
29.Ra1 Nd3+ 30.Ke3 Rxd6 31.Nxd6 Nxb2 32.Kd4 Rb8 33.Kc3 Nd3 34.Kxc4 Nf2 35.Kd4
h5 36.Ra2 Ng4 37.Rb2 b5 38.Kc5 Ne3 39.Kc6 Nd1 40.Rb3 a5 41.Kc7 Ra8 42.Kb7 Rf8
43.Rxb5 a4 44.Ra5 Nc3 45.Kc7 h4 46.g4 a3 47.f5 a2 48.e6 fxe6 49.fxe6 Nd5+
50.Kc6 Nb4+ 51.Kd7 Nd5 52.Rxa2 Rf4 53.e7 Nxe7 54.Kxe7 Rxg4 55.Kf6 Rd4 56.Ra8+
Kh7 57.Rd8 Rf4+ 58.Kg5 {#r} 1-0

[Event "It (open)"]
[Site "masterchessopen.com Radviliskis (Lithuania)"]
[Round "3"]
[White "Lomonosovas Leonidas (LTU)"]
[Black "Tokarevas Tomas (LTU)"]
[Result "0-1"]
[WhiteElo "2142"]
[BlackElo "2210"]

1.d4 Nf6 2.c4 g6 3.g3 c6 4.Bg2 d5 5.cxd5 cxd5 6.Nc3 Bg7 7.Bg5 Ne4 8.Be3 Nxc3
9.bxc3 Nc6 10.Nf3 O-O 11.O-O Bg4 12.Nd2 Qd7 13.Re1 Bh3 14.Bxh3 Qxh3 15.Qb3 Qd7
16.Rab1 b6 17.Qb5 Rfd8 18.Nb3 Rac8 19.Bd2 Ne5 20.Qxd7 Nxd7 21.Rec1 Rc4 22.e3
e5 23.Kg2 e4 24.Rc2 Bf8 25.Nc1 a6 26.Ne2 Bd6 27.Rb3 b5 28.Rc1 Rdc8 29.Rf1 f5
30.h3 Nb6 31.Ra1 Na4 32.Be1 Kf7 33.Bd2 Ke6 34.Rg1 h5 35.f4 b4 36.cxb4 Rc2
37.Rd1 Rxa2 38.Kf1 Rcc2 39.Ke1 Nb2 40.Rxb2 Raxb2 {#R} 0-1

[Event "It (open)"]
[Site "masterchessopen.com St. Veit (Austria)"]
[Round "9"]
[White "Raffalt Manfred (AUT)"]
[Black "Deutschmann Robert Peter (AUT)"]
[Result "1-0"]
[WhiteElo "2127"]
[BlackElo "2043"]

1.d4 Nf6 2.c4 g6 3.g3 c6 4.Bg2 d5 5.cxd5 cxd5 6.Nc3 Bg7 7.Nf3 Ne4 8.O-O Nc6
9.Bf4 Bf5 10.Qb3 Nxc3 11.bxc3 Qd7 12.Nd2 Be6 13.Rab1 Na5 14.Qb5 b6 15.Qxd7+
Kxd7 16.c4 Bg4 17.Bxd5 Bxe2 18.Rfe1 Bd3 19.Rbc1 Raf8 20.c5 e6 21.c6+ Kc8
22.Be4 Bb5 23.d5 exd5 24.Bxd5 Bd3 25.Re7 g5 26.Bd6 Rd8 27.Rc7+ Kb8 28.Rd7+ Kc8
29.Rc7+ Kb8 30.Rb7+ Ka8 31.c7 Nxb7 32.cxd8=Q+ Rxd8 33.Be7 Rb8 34.Rc7 Be5
35.Rd7 Bf5 36.Bxb7+ Rxb7 37.Rd8+ Rb8 38.Rd5 Bc3 39.Rxf5 Bxd2 40.Rxf7 Rb7
41.Rf8+ Rb8 42.Rf5 Re8 43.Bxg5 Bxg5 44.Rxg5 Re2 45.Rg8+ Kb7 46.Rg7+ Ka6
47.Rxh7 Rxa2 48.h4 b5 49.Re7 b4 50.Kg2 Rc2 51.h5 Kb6 52.h6 Rc6 53.h7 Rh6
54.Re4 Rxh7 55.Rxb4+ Kc5 56.Ra4 Kb5 57.Ra1 Kc5 58.g4 Kd5 59.Kg3 Ke5 60.f4+ Ke4
61.g5 Rf7 62.Re1+ Kf5 63.Re5+ Kg6 64.Kg4 Rb7 65.Ra5 Kg7 66.Kh5 Rf7 67.f5 Kg8
68.g6 Rb7 69.Kg5 Rc7 70.Rd5 Rc8 71.Kh6 Rf8 72.Re5 a6 73.Kg5 Ra8 74.Ra5 Ra7
75.Kh6 Ra8 76.f6 Rb8 77.Rxa6 Rc8 78.Ra7 Rb8 79.f7+ {#r} 1-0

[Event "It (open)"]
[Site "masterchessopen.com Arco (Italy)"]
[Round "9"]
[White "Djuric Stefan (SRB)"]
[Black "Konopka Michal (CZE)"]
[Result "1-0"]
[WhiteElo "2472"]
[BlackElo "2453"]

1.d4 Nf6 2.c4 g6 3.g3 c6 4.Bg2 d5 5.Qa4 Nbd7 6.cxd5 Nb6 7.Qb3 cxd5 8.Nc3 Bg7
9.Nf3 O-O 10.O-O Ne4 11.a4 Nxc3 12.bxc3 e6 13.Nd2 Qc7 14.a5 Nd7 15.e4 dxe4
16.Nxe4 Nb8 17.Bf4 e5 18.dxe5 Bxe5 19.Nf6+ Kg7 20.Nd5 Qd6 21.Bc1 Qd8 22.Ba3
Bd6 23.Rad1 Bxa3 24.Qxa3 Nc6 25.a6 Rb8 26.c4 f6 27.Rfe1 Rf7 28.Nf4 Qc7 29.Bd5
Re7 30.Bxc6 Rxe1+ 31.Rxe1 Qxc6 32.Qe7+ Kh6 33.Qf8+ Kg5 34.Ne6+ Bxe6 35.Qxb8
{#r} 1-0

[Event "It (open)"]
[Site "masterchessopen.com Bad Wiessee (Germany)"]
[Round "1"]
[White "Steinbacher Matthias Dr (GER)"]
[Black "Bischof Rainer (GER)"]
[Result "1-0"]
[WhiteElo "2357"]
[BlackElo "2049"]

1.d4 d5 2.c4 c6 3.g3 Nf6 4.Bg2 g6 5.Bg5 Bg7 6.Nc3 dxc4 7.Nf3 Nbd7 8.h4 h5 9.e4
Nb6 10.Bxf6 Bxf6 11.e5 Bg7 12.Ng5 Bf5 13.Be4 e6 14.Bxf5 gxf5 15.O-O Qd7 16.Qf3
O-O-O 17.Rfd1 Rdg8 18.a4 Bh6 19.a5 Nd5 20.Nxd5 exd5 21.Qe3 Bxg5 22.hxg5 h4
23.f4 a6 24.Kg2 hxg3 25.Rh1 Rh2+ 26.Rxh2 gxh2 27.b3 Rh8 28.Kh1 Qe6 29.Rc1 cxb3
30.Qxb3 Rh4 31.Qg3 Rh8 32.Rc2 Qe7 33.Qb3 Rh4 34.Rxh2 Rxh2+ 35.Kxh2 Qf8 36.Qh3
Qb4 37.Qxf5+ Kb8 38.Qxf7 Qxd4 39.g6 Qf2+ 40.Kh3 Qf3+ 41.Kh4 Qf2+ 42.Kg5 {#r}
1-0

[Event "It (open)"]
[Site "masterchessopen.com Schwarzach (Austria)"]
[Round "1"]
[White "Umansky Mikhail (GER)"]
[Black "Stoeckl Norbert (AUT)"]
[Result "1-0"]
[WhiteElo "2481"]
[BlackElo "2117"]

1.d4 Nf6 2.c4 g6 3.g3 c6 4.Bg2 d5 5.Nf3 Bg7 6.O-O dxc4 7.a4 ( 7.Qc2 b5 8.Ne5
Bb7 9.Rd1 O-O 10.a4 Qb6 11.Nc3 Na6 12.e4 Nb4 13.Qe2 a6 14.Be3 Rad8 15.Bh3 Bc8
16.Bxc8 Rxc8 17.d5 Qc7 18.Bf4 Qb7 19.dxc6 Nxc6 20.Nxc6 Rxc6 21.axb5 axb5 {
Loginov,V-Ibragimov,I/Graz 1999/EXT 2001/0-1 (38) } ) ( 7.Na3 b5 8.Ne5 Nd5
9.b3 cxb3 10.Qxb3 Be6 11.Qb2 O-O 12.Bd2 f6 13.Nd3 Na6 14.e4 Nb6 15.Nf4 Bf7
16.Rfd1 e5 17.dxe5 fxe5 18.Ne2 Qe7 19.Be3 Rfd8 20.Rxd8+ Rxd8 21.Qc1 b4 {
Jirka,J-Konopka,M/Plzen 2001/EXT 2002/0-1 (41) } ) 7...O-O ( 7...h6 8.Na3 Be6
9.Qc2 Qc8 10.Re1 Nd5 11.Bd2 Na6 12.Nxc4 O-O 13.e4 Nf6 14.b4 Rd8 15.Nce5 Ng4
16.Qb2 Qc7 17.Nd3 Qb6 18.Qc3 g5 19.e5 Bd5 20.h3 Bxf3 21.Bxf3 Nxe5 22.Nxe5 {
Hoenlinger,B-Kouzmine Karawaeff/Paris 1938/EXT 2003/1-0 (24) } ) 8.Na3 c3
9.bxc3 c5 10.e3 Nc6 11.Bb2 Bf5 12.Qe2 Be4 13.Rfd1 Qc7 14.c4 Nd7 ( 14...cxd4
15.exd4 Na5 16.Re1 Rad8 17.Rad1 { ? } ) 15.d5 Bxb2 16.Qxb2 Na5 17.Qc3 a6
18.Nd2 ( 18.Ng5 { !? } 18...Bxg2 19.Kxg2 { ? } ) 18...Bxg2 19.Kxg2 f5 (
19...b6 20.e4 Rae8 21.f4 e5 22.f5 Nb7 23.Qe3 Nd6 24.Rf1 { ? } ) 20.Nf3 h6
21.Nc2 Nf6 22.Ne5 Ne4 23.Qb2 Rf6 24.Rab1 Raf8 25.Ne1 { DA } 25...g5 ( 25...e6
{ !? } 26.N1d3 exd5 27.Nf4 Re8 28.Rxd5 g5 29.Nh5 Rd6 30.Rxd6 Qxd6 31.Nc6 Qg6
32.Nxa5 Qxh5 33.Qxb7 f4 34.Qd5+ Kh8 35.Rb8 f3+ 36.Kg1 Rxb8 37.Qe5+ Kh7 38.Qc7+
Kg6 39.Qxb8 { +?? } ) 26.N1d3 Kh7 27.f3 Nd6 28.Qc3 ( 28.Rbc1 { !? } ) 28...Rg8
( 28...b6 { !? } ) 29.Nf2 h5 30.e4 Rgf8 ( 30...fxe4 31.Qc2 Rf5 32.Nxe4 Nxe4
33.d6 exd6 34.Qxe4 Rf8 35.g4 { ± } ) 31.Re1 fxe4 32.Nxe4 Nxe4 33.Rxe4 Kg8
34.Rbe1 b6 35.Qe3 Rf5 36.Ng6 R8f7 37.Nxe7+ Rxe7 38.Rxe7 {#r} 1-0

[Event "It (open)"]
[Site "masterchessopen.com Znojmo (Czech Republic)"]
[Round "5"]
[White "Kozak Petr (CZE)"]
[Black "Vospernik Andrej (SLO)"]
[Result "1-0"]
[WhiteElo "2158"]
[BlackElo "2177"]

1.d4 Nf6 2.g3 d5 3.Bg2 c6 4.c4 g6 5.cxd5 cxd5 6.Nc3 Bg7 7.Nf3 O-O 8.Ne5 Nc6
9.Nxc6 bxc6 10.Bf4 Nh5 11.Be3 Rb8 12.Qd2 Qb6 13.b3 Qb4 14.O-O e5 15.Rfd1 Ba6
16.Rac1 c5 17.a3 Qa5 18.b4 cxb4 19.Nxd5 Qb5 20.axb4 Qxe2 21.dxe5 Bxe5 22.Qxe2
Bxe2 23.Re1 Bd3 24.Bxa7 Rb7 25.Bc5 Bb2 26.Rcd1 Ba6 27.Ne7+ Kg7 28.Bxb7 Bxb7
29.b5 Nf6 30.Bd4 Ba3 31.Nc6 Rc8 32.Ra1 Bd6 33.Rac1 g5 34.Rc3 Kg6 35.Ne7+ Bxe7
36.Rxc8 Bb4 37.Ree8 Ne4 38.Rxe4 Bxc8 39.b6 Bd6 40.Re8 Bb7 41.Rd8 {#r} 1-0

[Event "It (open)"]
[Site "masterchessopen.com Dubrovnik (Croatia)"]
[Date "2008.04.26"]
[Round "5"]
[White "Bukal Vladimir Jr (CRO)"]
[Black "Bogut Zeljko (BIH)"]
[Result "0-1"]
[WhiteElo "2394"]
[BlackElo "2464"]

1.d4 Nf6 2.c4 g6 3.g3 c6 4.Bg2 d5 5.Qa4 Bg7 6.cxd5 Nxd5 7.Nf3 Nb6 8.Qc2 Bxd4
9.Nxd4 Qxd4 10.O-O Na6 11.Be3 Qc4 12.Nc3 Bf5 13.Qc1 Qe6 14.Bd4 f6 15.Qh6 Qf7
16.e4 Be6 17.Rac1 c5 18.Be3 Nc4 19.e5 Rb8 20.exf6 Nxe3 21.Qxe3 Qxf6 22.Rfe1
Bf7 23.Qh6 Rd8 24.Bxb7 Nb4 25.Ne4 Qxb2 26.Nxc5 Qd2 27.Qg7 Rg8 28.Qe5 Qd6
29.Qe3 Kf8 30.a3 Nd5 31.Qh6+ Rg7 32.Ne4 Qxa3 33.Ng5 Nf6 34.Rc7 Re8 35.Qh4 Qa5
36.Rcc1 h5 37.Bc6 Rc8 38.Qf4 Rxc6 39.Ra1 Qc7 40.Qd4 a6 41.Nf3 Bd5 42.Ne5 Re6
43.Rac1 Qb7 44.Rb1 Qa8 45.Qf4 Kg8 46.Rec1 g5 47.Qf5 Ng4 48.Nd7 Nh6 49.Rb8+
Qxb8 50.Qxd5 Qd6 51.Qa8+ Kf7 52.Qf8+ Kg6 53.Qe8+ Rf7 54.Nf8+ Kg7 55.Nxe6+ Qxe6
{#R} 0-1

[Event "It (open)"]
[Site "masterchessopen.com Istanbul (Turkey)"]
[Date "2008.08.04"]
[Round "6"]
[White "Atalik Suat (BIH)"]
[Black "Guseinov Gadir (AZE)"]
[Result "1-0"]
[WhiteElo "2607"]
[BlackElo "2650"]

1.d4 Nf6 2.c4 g6 3.g3 c6 4.Bg2 d5 5.Qa4 Bg7 6.cxd5 Nxd5 7.Nf3 Bg4 8.e3 O-O
9.O-O Nd7 10.Nc3 Bxf3 11.Bxf3 e5 12.Nxd5 cxd5 13.dxe5 Bxe5 14.Qb5 Nf6 15.Rd1
Qb6 16.Qxb6 axb6 17.Bxd5 Nxd5 18.Rxd5 Ra5 19.Rxa5 bxa5 20.Bd2 a4 21.Rb1 Rd8
22.Bb4 Rc8 23.b3 b5 24.Rd1 f6 25.bxa4 bxa4 26.a3 g5 27.Rd7 Bc3 28.Rb7 Rc4
29.Bd6 Rc6 30.Be7 Kf7 31.Kg2 Kg6 32.Ra7 Rc4 33.Bb4 Bb2 34.h3 h5 35.Kf3 g4+
36.Kg2 Bc1 37.h4 Bb2 38.Ra6 Bc1 39.Kf1 Bb2 40.Ke2 Rc2+ 41.Ke1 Bc3+ 42.Bxc3
Rxc3 43.Rxa4 Rb3 44.Ra6 Rb1+ 45.Ke2 Rb2+ 46.Kf1 Rb1+ 47.Kg2 Ra1 48.a4 Kg7
49.Ra7+ Kg6 50.a5 Kh6 51.a6 Kg6 52.Ra8 Ra2 53.Kf1 Kh7 54.Ra7+ Kg6 55.Ra8 Kg7
56.a7 Ra1+ 57.Ke2 Ra2+ 58.Kd3 Ra3+ 59.Kd4 Ra2 60.Kd5 Ra6 61.Ke4 Ra4+ 62.Kd5
Ra6 63.Kc5 Ra2 64.Kd6 Ra6+ 65.Ke7 Ra2 66.Ke8 Kg8 67.e4 Ra4 68.Kd7+ Kg7 69.Kd6
Ra6+ 70.Kd5 Ra2 71.Kc5 Ra3 72.Kd6 Ra6+ 73.Kd7 Ra2 74.Ke6 Ra6+ 75.Kf5 Ra5+
76.Kf4 Ra3 77.e5 Ra4+ 78.Kf5 Ra5 79.Re8 {#r} 1-0

[Event "It (open)"]
[Site "masterchessopen.com Zalakaros (Hungary)"]
[Date "2009.05.13"]
[Round "6"]
[White "Medvegy Zoltan (HUN)"]
[Black "Feher Gyula (HUN)"]
[Result "1-0"]
[WhiteElo "2547"]
[BlackElo "2353"]

1.d4 Nf6 2.c4 g6 3.g3 c6 4.Bg2 d5 5.Qa4 Nbd7 6.cxd5 cxd5 7.Nc3 Bg7 8.Nh3 O-O
9.Nf4 Nb6 10.Qb3 e6 11.O-O Nc4 12.Rd1 Na5 13.Qc2 b6 14.b4 Nc4 15.e4 dxe4
16.Nxe4 Nxe4 17.Bxe4 Ba6 18.Qa4 Bxd4 19.Qxa6 Bxf2+ 20.Kxf2 Qxd1 21.Qxc4 Rac8
22.Qd3 Rfd8 23.Qxd1 Rxd1 24.Ne2 f5 25.Bg2 Rc2 26.a4 e5 27.a5 b5 28.Bf1 h5
29.h4 Kf7 30.Bb2 Rxf1+ 31.Rxf1 Rxb2 32.Rc1 Rxb4 33.Rc7+ Ke6 34.Rxa7 f4 35.gxf4
exf4 36.a6 f3 37.Kxf3 Rxh4 38.Ra8 Ra4 39.a7 Kf7 40.Rh8 {#r} 1-0

[Event "It (open)"]
[Site "masterchessopen.com Bad Woerishofen (Germany)"]
[Date "2010.03.14"]
[Round "9"]
[White "Machowitsch Wolf (GER)"]
[Black "Meul Willi (GER)"]
[Result "1-0"]
[WhiteElo "1995"]
[BlackElo "1899"]

1.d4 Nf6 2.g3 g6 3.Bg2 d5 4.c4 c6 5.Nc3 Bg7 6.cxd5 Nxd5 7.e4 Nxc3 8.bxc3 O-O
9.Ne2 Nd7 10.O-O Nb6 11.a4 a5 12.Rb1 Be6 13.Be3 Bc4 14.Re1 c5 15.e5 cxd4
16.Bxd4 Nd5 17.Rxb7 e6 18.Qc1 Rb8 19.Ra7 Rb3 20.Nf4 Bh6 21.Rd1 Nxf4 22.gxf4
Qh4 23.Be3 Rfb8 24.Ra8 Rxa8 25.Bxa8 Qg4+ 26.Kh1 Be2 27.Re1 Bf3+ 28.Bxf3 Qxf3+
29.Kg1 Qc6 30.c4 Qxa4 31.c5 Qc6 32.Qd2 a4 33.Qd6 Qb5 34.c6 Rb1 35.Rxb1 Qxb1+
36.Kg2 Qe4+ 37.Kg3 Bf8 38.c7 Bxd6 39.c8=Q+ {#r} 1-0

[Event "It (open) (b)"]
[Site "masterchessopen.com Balatonbereny (Hungary)"]
[Round "6"]
[White "Obran Harald (AUT)"]
[Black "Nagy Beata T (HUN)"]
[Result "1-0"]
[WhiteElo "1988"]
[BlackElo "2098"]

1.d4 Nf6 2.c4 g6 3.g3 c6 4.Bg2 d5 5.Nd2 Bf5 6.Ngf3 Bg7 7.Qb3 Qc7 8.Ne5 Be6
9.Qa3 Nfd7 10.cxd5 Bxd5 11.Bxd5 cxd5 12.Ndf3 Nc6 13.Nxc6 bxc6 14.Bf4 Qb6
15.Rd1 f6 16.h4 Kf7 17.O-O h6 18.g4 Rhe8 19.Bg3 Rad8 20.Rd3 e5 21.Rb3 Qc7
22.Rc1 Nb6 23.Rbc3 Nc4 24.Qa6 Rd6 25.Rxc4 dxc4 26.Qxc4+ Kf8 27.g5 hxg5 28.hxg5
Rde6 29.d5 Rd6 30.gxf6 Bxf6 31.Qc5 Kg7 32.Nd4 Qd7 33.dxc6 Qe7 34.c7 Rc8 35.Nb5
Rd1+ 36.Kg2 Qxc5 37.Rxc5 Rd7 38.Bxe5 Bxe5 39.Rxe5 a6 40.Nc3 Rcxc7 41.Re6 a5
42.Re5 Rd2 43.Rb5 Rcd7 44.f4 Rc2 45.Kf3 Rdd2 46.Rxa5 Rxb2 47.Ra7+ Kh6 48.Ke3
Rbc2 49.Ra3 Rd6 50.Rb3 Kg7 51.a4 Kf7 52.a5 Rc1 53.Ra3 Ra6 54.Kd4 Rh1 55.e4 Rf1
56.Nd5 Rb1 57.Kc5 Ra7 58.Ra4 Ke6 59.a6 Kd7 60.Nb4 Kc7 61.e5 Re1 62.Nd5+ Kb8
63.Kd6 Rd1 64.e6 Rh7 65.Re4 Rh8 66.e7 Re8 67.Ke6 Rc1 68.Kf7 Rcc8 69.Nb6 {#r}
1-0